[Event "28. Klatovy B 2022"]
[Site "Klatovy"]
[Date "2022.07.07"]
[Round "6.21"]
[White "Svec, Ludek"]
[Black "Zrust, Lukas"]
[Result "1/2-1/2"]
[WhiteElo "1585"]
[BlackElo "1266"]
[PlyCount "58"]
[EventDate "2022.07.02"]
[EventType "swiss"]
[EventRounds "9"]
[EventCountry "CZE"]

1. d4 Nf6 2. c4 g6 3. Nf3 Bg7 4. g3 O-O 5. Bg2 d5 6. O-O dxc4 7. Na3 c3 8. bxc3 c5 9. Nc4 Be6 10. Nfe5 Bd5 11. f3 Nbd7 12. e4 Nxe5 13. Nxe5 Be6 14. f4 Qc7 15. d5 Bd7 16. Nxd7 Nxd7 17. Qf3 Nb6 18. Rb1 Rad8 19. Qd3 c4 20. Qf3 Na4 21. e5 b6 22. Ba3 Nc5 23. Rfd1 f6 24. e6 f5 25. Qe3 Rfe8 26. h4 Rb8 27. Rd2 a6 28. Rc2 Nd3 29. Bf1 Nc5 1/2-1/2

[Event "28. Klatovy B 2022"]
[Site "Klatovy"]
[Date "2022.07.07"]
[Round "6.22"]
[White "Nova, Anezka"]
[Black "Josko, Jiri"]
[Result "1-0"]
[WhiteElo "1060"]
[BlackElo "1584"]
[PlyCount "55"]
[EventDate "2022.07.02"]
[EventType "swiss"]
[EventRounds "9"]
[EventCountry "CZE"]

1. e4 d5 2. exd5 Nf6 3. d4 Nxd5 4. c4 Nb6 5. Nf3 Bf5 6. Nc3 e6 7. Bd3 Bg6 8. O-O Bb4 9. c5 Nd5 10. Nxd5 Qxd5 11. a3 Bxc5 12. Bxg6 hxg6 13. dxc5 Qxc5 14. Qd4 Qxd4 15. Nxd4 c6 16. Bf4 Nd7 17. Rfe1 O-O-O 18. Nf3 Nc5 19. Be3 Nd3 20. Red1 Rd5 21. Bd4 Nf4 22. Bxg7 Rhd8 23. Rxd5 Rxd5 24. g3 Nd3 25. Ne1 Nc5 26. Nf3 f6 27. Re1 Kd7 28. Bxf6 1-0

[Event "28. Klatovy B 2022"]
[Site "Klatovy"]
[Date "2022.07.07"]
[Round "6.23"]
[White "Skopkova, Marcela"]
[Black "Studzinski, Boleslav"]
[Result "0-1"]
[WhiteElo "1315"]
[BlackElo "1583"]
[PlyCount "82"]
[EventDate "2022.07.02"]
[EventType "swiss"]
[EventRounds "9"]
[EventCountry "CZE"]

1. d4 Nf6 2. Nf3 c6 3. Bf4 Qb6 4. b3 Nh5 5. Be3 d6 6. g3 g6 7. Bg2 Bg7 8. c3 O-O 9. O-O d5 10. h3 Nd7 11. g4 Nhf6 12. Nbd2 Qc7 13. Rc1 Re8 14. c4 Nf8 15. Nh2 Qa5 16. Qc2 Ne6 17. cxd5 Nxd5 18. Nc4 Nxe3 19. fxe3 Qd8 20. Rcd1 Qc7 21. Nf3 f6 22. Qd3 b5 23. Ncd2 Bb7 24. Nh4 Qg3 25. Nhf3 Rad8 26. Rf2 Bh6 27. Nf1 Qc7 28. N1h2 a6 29. Nh4 Qg3 30. N4f3 Rd7 31. Nf1 Qc7 32. Rc1 c5 33. Qc3 Qb6 34. Rc2 cxd4 35. Nxd4 Nxd4 36. exd4 Rc8 37. Qd3 Rxd4 38. Rxc8+ Bxc8 39. Qc2 Qd8 40. Kh1 Be6 41. Be4 Rxe4 0-1

[Event "28. Klatovy B 2022"]
[Site "Klatovy"]
[Date "2022.07.07"]
[Round "6.24"]
[White "Berkovec, Josef"]
[Black "Pasek, Josef"]
[Result "1/2-1/2"]
[WhiteElo "1544"]
[BlackElo "1314"]
[PlyCount "54"]
[EventDate "2022.07.02"]
[EventType "swiss"]
[EventRounds "9"]
[EventCountry "CZE"]

1. Nf3 Nf6 2. c4 g6 3. g3 Bg7 4. Bg2 O-O 5. O-O d6 6. d4 c6 7. Nc3 Bf5 8. Re1 Ne4 9. Qb3 Qb6 10. Be3 Qxb3 11. axb3 Nxc3 12. bxc3 Be4 13. Bh3 Bxf3 14. exf3 e6 15. Bf4 Rd8 16. Bg5 Re8 17. Be3 c5 18. f4 Nc6 19. Red1 cxd4 20. cxd4 Nb4 21. Bg2 d5 22. Ra4 a5 23. c5 Nc6 24. Bf1 Ra7 25. Bb5 Rb8 26. Kf1 Nd8 27. b4 b6 1/2-1/2

[Event "28. Klatovy B 2022"]
[Site "Klatovy"]
[Date "2022.07.07"]
[Round "6.25"]
[White "Vasko, Pavel"]
[Black "Devera, Filip"]
[Result "1/2-1/2"]
[WhiteElo "1477"]
[BlackElo "1287"]
[PlyCount "46"]
[EventDate "2022.07.02"]
[EventType "swiss"]
[EventRounds "9"]
[EventCountry "CZE"]

1. e4 e6 2. d4 d5 3. exd5 exd5 4. Nf3 Bd6 5. Be2 Bg4 6. O-O Nc6 7. h3 Bh5 8. b3 Nge7 9. Bb2 f6 10. Nbd2 Qd7 11. Ne1 Bxe2 12. Qxe2 O-O-O 13. Nd3 Rde8 14. Qf3 Nf5 15. c3 h5 16. Kh1 Nce7 17. a4 g5 18. Qd1 g4 19. Rg1 gxh3 20. gxh3 Nh4 21. Qf1 Reg8 22. f4 Rxg1+ 23. Qxg1 Qxh3+ 1/2-1/2

[Event "28. Klatovy B 2022"]
[Site "Klatovy"]
[Date "2022.07.07"]
[Round "6.26"]
[White "Fadrny, Jachym"]
[Black "Koupil, Stepan"]
[Result "0-1"]
[WhiteElo "1198"]
[BlackElo "1450"]
[PlyCount "124"]
[EventDate "2022.07.02"]
[EventType "swiss"]
[EventRounds "9"]
[EventCountry "CZE"]

1. d4 d5 2. g3 Nf6 3. Bg2 e6 4. Nf3 Be7 5. O-O O-O 6. Bf4 b6 7. Ne5 Bb7 8. c4 Nbd7 9. Nxd7 Qxd7 10. Nc3 c5 11. b3 dxc4 12. bxc4 Bxg2 13. Kxg2 cxd4 14. Nb5 Qc6+ 15. Kg1 Qxc4 16. Nxd4 Bc5 17. Nb3 Rfd8 18. Rc1 Qb4 19. Qc2 Rac8 20. Qb2 a5 21. Be5 Nh5 22. Nxc5 Qxb2 23. Bxb2 bxc5 24. Bc3 a4 25. Rfd1 h6 26. Rxd8+ Rxd8 27. Ba5 Rd5 28. Rc4 Nf6 29. Rxa4 c4 30. f3 Rb5 31. Bc3 Nd5 32. Bd4 Rb4 33. Rxb4 Nxb4 34. a3 Nc2 35. Bb2 g6 36. Kf2 c3 37. Bc1 Kg7 38. e3 Kf6 39. Ke2 Ke5 40. Kd1 Na1 41. Ke2 Nc2 42. e4 h5 43. a4 Kd4 44. Bg5 Kc4 45. Kd1 Nd4 46. Bf6 Nxf3 47. h4 Nd2 48. a5 Kd3 49. Bxc3 Kxc3 50. a6 Nc4 51. a7 Nb6 52. Ke2 Kd4 53. Kf3 e5 54. Kf2 Kxe4 55. Ke2 f5 56. Kd2 Kf3 57. Kc3 e4 58. Kb4 e3 59. Kb5 Na8 60. Ka6 e2 61. Kb7 e1=Q 62. Kxa8 Qa5 0-1

[Event "28. Klatovy B 2022"]
[Site "Klatovy"]
[Date "2022.07.07"]
[Round "6.27"]
[White "Lickova, Anna"]
[Black "Kotesovec, Jaroslav"]
[Result "1-0"]
[WhiteElo "1016"]
[BlackElo "1543"]
[PlyCount "33"]
[EventDate "2022.07.02"]
[EventType "swiss"]
[EventRounds "9"]
[EventCountry "CZE"]

1. e4 e5 2. Nf3 Nc6 3. Bc4 Bc5 4. c3 Nf6 5. d4 exd4 6. cxd4 Bb4+ 7. Bd2 Nxe4 8. Bxb4 Nxb4 9. Bxf7+ Kf8 10. Bb3 Qe7 11. O-O Qf6 12. Qe2 Nd6 13. Re1 Nc6 14. Nc3 Qe7 15. Qd2 Qd8 16. Nd5 g6 17. Qh6+ 1-0

[Event "28. Klatovy B 2022"]
[Site "Klatovy"]
[Date "2022.07.07"]
[Round "6.28"]
[White "Dolezal, Rudolf"]
[Black "Vajdik, Josef"]
[Result "0-1"]
[WhiteElo "1625"]
[BlackElo "1305"]
[PlyCount "80"]
[EventDate "2022.07.02"]
[EventType "swiss"]
[EventRounds "9"]
[EventCountry "CZE"]

1. e4 c5 2. c4 e6 3. Nf3 Nc6 4. Nc3 a6 5. d3 d6 6. g3 Nf6 7. Bh3 e5 8. Bxc8 Rxc8 9. Nh4 Nd4 10. O-O Be7 11. Ne2 g6 12. Nxd4 cxd4 13. Bh6 Nh5 14. Nf5 Bf8 15. Bxf8 Kxf8 16. Qg4 gxf5 17. Qxh5 fxe4 18. Qh6+ Ke8 19. Qg7 Ke7 20. Qg5+ Kf8 21. Qf5 exd3 22. Qxd3 Qf6 23. f4 Qg6 24. Qb3 Kg7 25. fxe5 dxe5 26. Qxb7 Rxc4 27. Rf2 Rc2 28. Raf1 Rxf2 29. Rxf2 Qe6 30. b3 Rd8 31. Qc7 Rd7 32. Qc1 h6 33. g4 Kf8 34. Rf5 d3 35. Qc5+ Qd6 36. Qc8+ Rd8 37. Qc4 Qd4+ 38. Qxd4 Rxd4 39. Rf1 Rxg4+ 40. Kh1 d2 0-1

[Event "28. Klatovy B 2022"]
[Site "Klatovy"]
[Date "2022.07.07"]
[Round "6.29"]
[White "Pucholt, Martin 1978"]
[Black "Barth, Vit"]
[Result "1-0"]
[WhiteElo "1566"]
[BlackElo "1310"]
[PlyCount "119"]
[EventDate "2022.07.02"]
[EventType "swiss"]
[EventRounds "9"]
[EventCountry "CZE"]

1. c4 e5 2. Nc3 Bb4 3. Nd5 Bc5 4. b4 Bd4 5. Rb1 c6 6. Nc3 Nf6 7. Qc2 d5 8. e3 Bb6 9. c5 Bc7 10. b5 b6 11. bxc6 Nxc6 12. cxb6 Bxb6 13. Na4 Qd6 14. Bb5 Bd7 15. Ba3 Qe6 16. Rc1 Rc8 17. Ne2 Ne7 18. Bxd7+ Qxd7 19. Qb3 Rb8 20. Bxe7 Kxe7 21. Qa3+ Qd6 22. Qxd6+ Kxd6 23. O-O Rhc8 24. Rxc8 Rxc8 25. Rc1 Rxc1+ 26. Nxc1 Ne4 27. d3 Nc5 28. Nxc5 Kxc5 29. Kf1 Kb4 30. Ke2 Kc3 31. Kd1 Bc5 32. Nb3 Bb4 33. d4 f6 34. Nc5 Kb2 35. a4 a5 36. Ne6 g5 37. dxe5 fxe5 38. Nxg5 h5 39. f4 exf4 40. exf4 Kb3 41. f5 Kxa4 42. Kc2 d4 43. f6 Bc5 44. Ne6 Bd6 45. Nxd4 Bxh2 46. f7 Bd6 47. Ne6 Kb4 48. f8=Q Bxf8 49. Nxf8 Kc4 50. Ng6 Kd4 51. Nf4 Ke4 52. Nxh5 Kf5 53. Ng3+ Kg4 54. Nf1 Kf4 55. Kc3 Kg4 56. Kc4 Kf4 57. Kb5 Ke4 58. Kxa5 Kd3 59. Kb5 Ke2 60. g4 1-0

[Event "28. Klatovy B 2022"]
[Site "Klatovy"]
[Date "2022.07.07"]
[Round "6.30"]
[White "Pozar, Pavel"]
[Black "Sobr, Vaclav"]
[Result "0-1"]
[WhiteElo "1304"]
[BlackElo "1474"]
[PlyCount "40"]
[EventDate "2022.07.02"]
[EventType "swiss"]
[EventRounds "9"]
[EventCountry "CZE"]

1. e4 e5 2. Bc4 Nf6 3. d3 Nc6 4. c3 b6 5. b4 Bb7 6. Nf3 h6 7. b5 Na5 8. Nxe5 Nxc4 9. dxc4 Nxe4 10. Nd3 Qf6 11. O-O O-O-O 12. Bd2 Bd6 13. g3 Ng5 14. Bxg5 hxg5 15. a4 Rxh2 16. f3 Rdh8 17. Nd2 Qxc3 18. Nf2 Bc5 19. Nde4 Rh1+ 20. Kg2 R8h2# 0-1

[Event "28. Klatovy B 2022"]
[Site "Klatovy"]
[Date "2022.07.07"]
[Round "6.31"]
[White "Berkovec, Jakub"]
[Black "Novy, Jan"]
[Result "1-0"]
[WhiteElo "1191"]
[BlackElo "1464"]
[PlyCount "101"]
[EventDate "2022.07.02"]
[EventType "swiss"]
[EventRounds "9"]
[EventCountry "CZE"]

1. e4 d5 2. exd5 Nf6 3. Nf3 Nxd5 4. d4 Nd7 5. c4 N5f6 6. Nc3 e6 7. a3 Be7 8. Bg5 O-O 9. Be2 a6 10. O-O c6 11. c5 b6 12. b4 a5 13. Qc2 Ba6 14. Bxa6 Rxa6 15. Rfd1 Qc7 16. Ne4 Rfa8 17. Nxf6+ Nxf6 18. Qb2 Qa7 19. Ne5 bxc5 20. bxc5 Rb8 21. Qc2 Nd5 22. Bxe7 Qxe7 23. Rab1 Rc8 24. Rb2 f6 25. Nc4 e5 26. Re1 g6 27. Qe2 Nf4 28. Qe3 Nd5 29. Qe2 Ra7 30. Nd6 Rf8 31. dxe5 f5 32. Reb1 Kg7 33. Qe1 Nf4 34. Rb7 Rxb7 35. Rxb7 Qxb7 36. Nxb7 Rb8 37. g3 Ne6 38. Nd6 Nxc5 39. Qxa5 Rb1+ 40. Kg2 Nd3 41. Qc7+ Kh6 42. Qxc6 Ne1+ 43. Kh3 Kg5 44. Nf7+ Kh5 45. Qf6 Nf3 46. Kg2 Ne1+ 47. Kh3 Nf3 48. Qg7 Ng1+ 49. Kg2 f4 50. Qxh7+ Kg4 51. Qxg6# 1-0

[Event "28. Klatovy B 2022"]
[Site "Klatovy"]
[Date "2022.07.07"]
[Round "6.32"]
[White "Trcka, Bohdan"]
[Black "Studzinski, David 2002"]
[Result "0-1"]
[WhiteElo "1448"]
[BlackElo "1284"]
[PlyCount "104"]
[EventDate "2022.07.02"]
[EventType "swiss"]
[EventRounds "9"]
[EventCountry "CZE"]

1. e4 e5 2. Be2 Bc5 3. Nf3 Nf6 4. d3 d5 5. Nxe5 dxe4 6. dxe4 Bxf2+ 7. Kf1 Qxd1+ 8. Bxd1 Nxe4 9. Bf3 Bd4 10. Nxf7 Kxf7 11. Bxe4 Rf8 12. Ke2 Bg4+ 13. Kd3 Rd8 14. c3 Bb6+ 15. Kc2 Nc6 16. Rf1+ Kg8 17. Bg5 Re8 18. Rf4 Rxe4 19. Rxe4 Bf5 20. Nd2 Bxe4+ 21. Nxe4 Re8 22. Ng3 Bf2 23. Bf4 Bxg3 24. Bxg3 Re2+ 25. Kb3 Na5+ 26. Ka4 Nc4 27. b3 Nd6 28. c4 Rxg2 29. c5 Ne4 30. c6 bxc6 31. Bxc7 Nc3+ 32. Ka5 Rxa2+ 33. Rxa2 Nxa2 34. Bb8 Kf7 35. Bxa7 Ke6 36. h4 h5 37. Bf2 Kf5 38. Kb6 Nb4 39. Be1 c5 40. Bf2 Nd3 41. Bxc5 Nxc5 42. Kxc5 g5 43. hxg5 h4 44. b4 h3 45. b5 h2 46. Kb6 h1=Q 47. Ka7 Qa1+ 48. Kb7 Ke6 49. b6 Kd6 50. g6 Qg7+ 51. Kb8 Kc6 52. Kc8 Qg8# 0-1

[Event "28. Klatovy B 2022"]
[Site "Klatovy"]
[Date "2022.07.07"]
[Round "6.34"]
[White "Stross, Frantisek 1952"]
[Black "Filip, Petr 1952"]
[Result "1-0"]
[WhiteElo "1414"]
[BlackElo "1266"]
[PlyCount "81"]
[EventDate "2022.07.02"]
[EventType "swiss"]
[EventRounds "9"]
[EventCountry "CZE"]

1. e4 e6 2. e5 d6 3. Nf3 c5 4. Bb5+ Bd7 5. Qe2 a6 6. Bxd7+ Nxd7 7. O-O Nh6 8. d4 Nf5 9. Nc3 Nxd4 10. Nxd4 cxd4 11. Ne4 dxe5 12. f4 Be7 13. fxe5 Nxe5 14. Qh5 Ng6 15. Bg5 f5 16. Bxe7 Qxe7 17. Ng3 O-O 18. Rae1 f4 19. Ne4 Rf5 20. Qh3 Raf8 21. a3 Nh4 22. Kh1 b5 23. b4 Rh5 24. g4 Rh6 25. g5 Rh5 26. Qg4 g6 27. Nf6+ Rxf6 28. gxf6 Qb7+ 29. Re4 Nf5 30. Kg1 Ne3 31. Qxe6+ Kh8 32. Qe7 Rg5+ 33. Kh1 Qxe7 34. fxe7 Rf5 35. e8=Q+ Kg7 36. Qe7+ Rf7 37. Qe5+ Rf6 38. Rfxf4 Nf5 39. Rxf5 gxf5 40. Rxd4 h5 41. Rd7+ 1-0

[Event "28. Klatovy B 2022"]
[Site "Klatovy"]
[Date "2022.07.07"]
[Round "6.35"]
[White "Jedlicka, Pavel"]
[Black "Skalicky, Jindrich"]
[Result "1-0"]
[WhiteElo "1406"]
[BlackElo "1152"]
[PlyCount "53"]
[EventDate "2022.07.02"]
[EventType "swiss"]
[EventRounds "9"]
[EventCountry "CZE"]

1. d4 d5 2. f4 Nf6 3. e3 e6 4. Nf3 Bb4+ 5. c3 Bd6 6. a3 O-O 7. c4 Nbd7 8. c5 Be7 9. Bd3 Re8 10. O-O Nf8 11. Ne5 c6 12. b4 Qc7 13. Nd2 b6 14. Qc2 Bd8 15. Ndf3 Re7 16. Ng5 Bb7 17. f5 g6 18. fxg6 Ne4 19. gxh7+ Nxh7 20. Nxh7 Kxh7 21. Bxe4+ dxe4 22. Qxe4+ Kg7 23. Qg4+ Kf8 24. e4 Rd7 25. Bh6+ Ke7 26. Qg5+ Ke8 27. Qg8+ 1-0

[Event "28. Klatovy B 2022"]
[Site "Klatovy"]
[Date "2022.07.08"]
[Round "7.1"]
[White "Durchan, Milan 1961"]
[Black "Benes, Jachym"]
[Result "0-1"]
[WhiteElo "1687"]
[BlackElo "1776"]
[PlyCount "62"]
[EventDate "2022.07.02"]
[EventType "swiss"]
[EventRounds "9"]
[EventCountry "CZE"]

1. e4 e6 2. d4 d5 3. e5 c5 4. c3 Nc6 5. Nf3 Qb6 6. Be2 Bd7 7. O-O cxd4 8. cxd4 Nge7 9. Na3 a6 10. Nc2 Rc8 11. b4 Na7 12. Rb1 Ba4 13. Bd3 Nb5 14. Bxb5+ Bxb5 15. Re1 Ba4 16. Re2 Qc6 17. Rb2 Ng6 18. a3 Be7 19. Be3 Qc3 20. Qb1 O-O 21. Nce1 Qxa3 22. Ra2 Qb3 23. Rab2 Qc4 24. Nd3 b6 25. Nfe1 Qc6 26. Ra2 Nh4 27. Qa1 Bb5 28. Rec2 Qd7 29. g4 Nf3+ 30. Kg2 Nxe1+ 31. Nxe1 Bxb4 0-1

[Event "28. Klatovy B 2022"]
[Site "Klatovy"]
[Date "2022.07.08"]
[Round "7.3"]
[White "Danek, Vaclav"]
[Black "Andrle, Filip"]
[Result "0-1"]
[WhiteElo "1862"]
[BlackElo "1495"]
[PlyCount "59"]
[EventDate "2022.07.02"]
[EventType "swiss"]
[EventRounds "9"]
[EventCountry "CZE"]

1. e4 c5 2. Nc3 Nc6 3. g3 g6 4. Bg2 Bg7 5. d3 e6 6. Be3 d6 7. Qd2 Nge7 8. Nge2 Rb8 9. Bh6 O-O 10. Bxg7 Kxg7 11. h4 h5 12. g4 hxg4 13. h5 Rh8 14. h6+ Kh7 15. d4 cxd4 16. Nxd4 Nxd4 17. Qxd4 e5 18. Qxa7 Nc6 19. Qe3 Be6 20. Nd5 Bxd5 21. exd5 Nd4 22. Qd2 Qf6 23. c3 Nf3+ 24. Bxf3 Qxf3 25. Rh2 Rbc8 26. Qe2 Rxc3 27. Qxf3 Rxf3 28. O-O-O Rc8+ 29. Kb1 Rc5 30. Rd2 0-1

[Event "28. Klatovy B 2022"]
[Site "Klatovy"]
[Date "2022.07.08"]
[Round "7.4"]
[White "Koper, Stefan"]
[Black "Hampel, Rudolf"]
[Result "1-0"]
[WhiteElo "1829"]
[BlackElo "1598"]
[PlyCount "63"]
[EventDate "2022.07.02"]
[EventType "swiss"]
[EventRounds "9"]
[EventCountry "CZE"]

1. d4 Nf6 2. c4 e6 3. Nf3 d5 4. g3 c6 5. cxd5 exd5 6. Bg2 Bd6 7. O-O O-O 8. a3 Bf5 9. b4 a6 10. Bb2 Nbd7 11. Nbd2 Ne4 12. Nb3 Nb6 13. Nc5 Qe7 14. Nh4 Bc8 15. Qc2 Nc4 16. Nxe4 dxe4 17. Bxe4 Nxb2 18. Bxh7+ Kh8 19. Bf5 g5 20. Bxc8 Raxc8 21. Nf5 Qf6 22. Nxd6 Qxd6 23. Qxb2 f5 24. d5+ Kh7 25. dxc6 Rxc6 26. Rad1 Qg6 27. Rd7+ Kh6 28. e3 f4 29. exf4 gxf4 30. Qd4 b5 31. Rd1 f3 32. Qh4+ 1-0

[Event "28. Klatovy B 2022"]
[Site "Klatovy"]
[Date "2022.07.08"]
[Round "7.5"]
[White "Sova, Zdenek"]
[Black "Jirasek, Jiri"]
[Result "1/2-1/2"]
[WhiteElo "1669"]
[BlackElo "1878"]
[PlyCount "54"]
[EventDate "2022.07.02"]
[EventType "swiss"]
[EventRounds "9"]
[EventCountry "CZE"]

1. Nf3 d5 2. d4 Nf6 3. c4 c6 4. Nc3 Nbd7 5. e3 e6 6. Qc2 Bd6 7. Be2 O-O 8. O-O b6 9. b3 Bb7 10. cxd5 exd5 11. Bb2 Re8 12. Rac1 Rc8 13. Qd1 Ne4 14. Nxe4 dxe4 15. Nd2 Re6 16. g3 c5 17. dxc5 Bxc5 18. Bg4 Rd6 19. Qe2 b5 20. Rfd1 a6 21. Nb1 Rcc6 22. Rxd6 Rxd6 23. Bxd7 Qxd7 24. Rxc5 Rd1+ 25. Kg2 Rxb1 26. Qc2 Rd1 27. Rc7 Qg4 1/2-1/2

[Event "28. Klatovy B 2022"]
[Site "Klatovy"]
[Date "2022.07.08"]
[Round "7.6"]
[White "Masek, Jan"]
[Black "Sindelar, Jan 2000"]
[Result "1/2-1/2"]
[WhiteElo "1865"]
[BlackElo "1466"]
[PlyCount "52"]
[EventDate "2022.07.02"]
[EventType "swiss"]
[EventRounds "9"]
[EventCountry "CZE"]

1. e4 c6 2. d4 d5 3. e5 Bf5 4. Be2 e6 5. Nd2 c5 6. c3 Nc6 7. Qa4 cxd4 8. cxd4 Qb6 9. Ngf3 Nh6 10. O-O Be7 11. Qb5 Qc7 12. Bd3 a6 13. Qb3 O-O 14. Bxf5 Nxf5 15. Qc3 Qb6 16. Nb3 Bb4 17. Qd3 h5 18. a3 Be7 19. Bd2 a5 20. Rac1 a4 21. Nc5 Bxc5 22. dxc5 Qc7 23. Rfe1 Rfb8 24. g3 b6 25. cxb6 Qxb6 26. Rb1 Qb3 1/2-1/2

[Event "28. Klatovy B 2022"]
[Site "Klatovy"]
[Date "2022.07.08"]
[Round "7.7"]
[White "Skopec, Lubos"]
[Black "Bukvaj, Martin"]
[Result "1-0"]
[WhiteElo "1860"]
[BlackElo "1410"]
[PlyCount "71"]
[EventDate "2022.07.02"]
[EventType "swiss"]
[EventRounds "9"]
[EventCountry "CZE"]

1. e4 c5 2. c3 d5 3. exd5 Qxd5 4. d4 Nc6 5. Nf3 Bg4 6. Be2 Nf6 7. O-O O-O-O 8. Be3 e6 9. Qa4 cxd4 10. cxd4 Qa5 11. Qxa5 Nxa5 12. Nc3 Nd5 13. Ne5 Bxe2 14. Nxe2 Rg8 15. Rac1+ Kb8 16. Nxf7 Rd7 17. Ng5 Nc7 18. Nxh7 Bd6 19. Ng5 Nc6 20. Nf3 Ne7 21. Ne5 Bxe5 22. dxe5 Nf5 23. Bg5 Rd5 24. Nc3 Rxe5 25. Bf4 Rc5 26. Ne4 Rc6 27. Rxc6 bxc6 28. Nc5 Nd4 29. Be5 Rd8 30. Na6+ Kb7 31. Nxc7 Ne2+ 32. Kh1 Rd7 33. Re1 g6 34. Nxe6 Rd5 35. f4 a5 36. g3 1-0

[Event "28. Klatovy B 2022"]
[Site "Klatovy"]
[Date "2022.07.08"]
[Round "7.8"]
[White "Berka, Lubos"]
[Black "Rudlof, Jan"]
[Result "1-0"]
[WhiteElo "1677"]
[BlackElo "1767"]
[PlyCount "96"]
[EventDate "2022.07.02"]
[EventType "swiss"]
[EventRounds "9"]
[EventCountry "CZE"]

1. e4 c6 2. d4 d5 3. exd5 cxd5 4. Bd3 Nc6 5. c3 Nf6 6. Bf4 Bg4 7. Qb3 Qc8 8. Nd2 e6 9. Ngf3 Bxf3 10. Nxf3 Be7 11. O-O O-O 12. Qc2 Rd8 13. Rfe1 a6 14. Ng5 g6 15. Nf3 Nd7 16. Bh6 Bf6 17. Bf4 b5 18. a3 Nb6 19. Ne5 Nxe5 20. dxe5 Bg7 21. Be3 Qc6 22. Bd4 Rdc8 23. h4 Nd7 24. h5 Nc5 25. hxg6 fxg6 26. Re3 Nxd3 27. Rxd3 a5 28. Qd2 Rf8 29. Rh3 Rf7 30. f3 Bf8 31. Qe3 Rc8 32. Rd1 Bc5 33. Kf1 Bxd4 34. Rxd4 Qb6 35. Ke2 Rc4 36. Rhh4 Qc7 37. Rhf4 Rxd4 38. Qxd4 Qc4+ 39. Qxc4 bxc4 40. Rxf7 Kxf7 41. Ke3 h6 42. Kd4 h5 43. Kc5 g5 44. Kd6 a4 45. Kd7 h4 46. Kd6 Kg6 47. Kxe6 g4 48. fxg4 Kg5 1-0

[Event "28. Klatovy B 2022"]
[Site "Klatovy"]
[Date "2022.07.08"]
[Round "7.9"]
[White "Bara, Jan"]
[Black "Vachal, Josef1"]
[Result "1/2-1/2"]
[WhiteElo "1616"]
[BlackElo "1765"]
[PlyCount "87"]
[EventDate "2022.07.02"]
[EventType "swiss"]
[EventRounds "9"]
[EventCountry "CZE"]

1. d4 Nf6 2. c4 g6 3. Nc3 d5 4. cxd5 Nxd5 5. e4 Nxc3 6. bxc3 Bg7 7. Rb1 O-O 8. Nf3 c5 9. Be2 Nc6 10. d5 Bxc3+ 11. Bd2 Bxd2+ 12. Qxd2 Nb8 13. h4 f6 14. Qh6 Rf7 15. Ng5 fxg5 16. h5 Qd6 17. Kd1 Nd7 18. hxg6 Qxg6 19. Bh5 Qxh6 20. Bxf7+ Kxf7 21. Rxh6 Kg7 22. Rh2 b6 23. Kd2 Nf6 24. f3 h6 25. Rbh1 Ng8 26. g3 e6 27. d6 e5 28. f4 exf4 29. gxf4 Bb7 30. fxg5 Bxe4 31. gxh6+ Kh7 32. Rg1 Nxh6 33. Rg4 Rd8 34. Rxe4 Rxd6+ 35. Kc3 Kg6 36. Rhe2 Kf6 37. Re7 Nf5 38. Rxa7 Nd4 39. Rf2+ Ke6 40. Rh7 Kd5 41. Rh5+ Kc6 42. Rfh2 Nb5+ 43. Kb3 Rd4 44. Rh6+ 1/2-1/2

[Event "28. Klatovy B 2022"]
[Site "Klatovy"]
[Date "2022.07.08"]
[Round "7.10"]
[White "Bukvaj, Jan"]
[Black "Chmelik, Ladislav"]
[Result "0-1"]
[WhiteElo "1342"]
[BlackElo "1730"]
[PlyCount "96"]
[EventDate "2022.07.02"]
[EventType "swiss"]
[EventRounds "9"]
[EventCountry "CZE"]

1. e4 d5 2. exd5 Qxd5 3. Nc3 Qa5 4. d4 c6 5. Nf3 Nf6 6. Bc4 Bg4 7. h3 Bxf3 8. Qxf3 e6 9. O-O Bd6 10. Ne4 Nxe4 11. Qxe4 Nd7 12. c3 Nf6 13. Qe2 O-O 14. b4 Qc7 15. Bg5 Nd5 16. Rac1 Rfe8 17. Bxd5 cxd5 18. c4 dxc4 19. Qxc4 Qb6 20. a3 a5 21. Bd2 Qd8 22. Qb5 axb4 23. Bxb4 Bxb4 24. axb4 Qxd4 25. Rfd1 Qf4 26. Rc4 Qb8 27. Qb6 g6 28. Qc7 Rc8 29. Qxb8 Raxb8 30. Rxc8+ Rxc8 31. Rd7 Rb8 32. b5 b6 33. Kf1 Kf8 34. Ke2 Ke8 35. Rc7 Rd8 36. Rb7 Rd6 37. Ke3 Kf8 38. Ke4 Kg7 39. f4 Kf6 40. g4 h6 41. h4 g5 42. fxg5+ hxg5 43. hxg5+ Kg6 44. Kf3 e5 45. Re7 Rd5 46. Ke4 Rxb5 47. Rxe5 Rxe5+ 48. Kxe5 Kxg5 0-1

[Event "28. Klatovy B 2022"]
[Site "Klatovy"]
[Date "2022.07.08"]
[Round "7.11"]
[White "Vavrinek, Tomas"]
[Black "Nova, Anezka"]
[Result "1-0"]
[WhiteElo "1677"]
[BlackElo "1060"]
[PlyCount "95"]
[EventDate "2022.07.02"]
[EventType "swiss"]
[EventRounds "9"]
[EventCountry "CZE"]

1. d4 d5 2. Nf3 Nf6 3. Bg5 Bf5 4. e3 e6 5. Nbd2 c5 6. Bb5+ Nc6 7. Ne5 Qb6 8. Ba4 Bd6 9. Nxc6 bxc6 10. dxc5 Qxc5 11. Bxf6 gxf6 12. O-O Rc8 13. Re1 Rg8 14. c3 Ke7 15. Nb3 Qc4 16. Qd4 Be4 17. g3 Qxd4 18. cxd4 e5 19. Rac1 Bb4 20. Re2 Bd3 21. Rec2 Bxc2 22. Rxc2 Rc7 23. a3 Bd6 24. Rxc6 Rxc6 25. Bxc6 Ke6 26. Na5 f5 27. b4 f4 28. dxe5 Bxe5 29. b5 fxe3 30. fxe3 Rc8 31. a4 d4 32. e4 d3 33. Kf1 Rd8 34. Bd5+ Ke7 35. Nc6+ Ke8 36. Nxe5 f6 37. Nxd3 Ke7 38. Ke2 Rc8 39. Bc6 Kd6 40. Ke3 Rg8 41. Kd4 Rg4 42. Nf4 Rg5 43. Bd5 Re5 44. a5 Re8 45. a6 Rb8 46. Bb7 Kc7 47. Kc5 Re8 48. Nd5+ 1-0

[Event "28. Klatovy B 2022"]
[Site "Klatovy"]
[Date "2022.07.08"]
[Round "7.12"]
[White "Vnoucek, Pavel"]
[Black "Maly, Jiri 2011"]
[Result "1-0"]
[WhiteElo "1678"]
[BlackElo "1249"]
[PlyCount "59"]
[EventDate "2022.07.02"]
[EventType "swiss"]
[EventRounds "9"]
[EventCountry "CZE"]

1. e4 e6 2. d4 d5 3. Nc3 dxe4 4. Nxe4 Nd7 5. Nf3 Ngf6 6. Bg5 Be7 7. Bxf6 Bxf6 8. Bd3 O-O 9. Qd2 b6 10. O-O-O c5 11. c3 cxd4 12. cxd4 Qc7+ 13. Kb1 Bb7 14. h4 a5 15. g4 b5 16. g5 Be7 17. h5 f5 18. gxf6 Nxf6 19. Nfg5 Nxe4 20. Nxe4 Rfd8 21. Qe3 Qc6 22. Bc2 b4 23. Rhg1 Qc7 24. Qh6 Bh4 25. Nc5 g5 26. Qxe6+ Kh8 27. Qf6+ Qg7 28. Qxg7+ Kxg7 29. Nxb7 Rd5 30. Be4 1-0

[Event "28. Klatovy B 2022"]
[Site "Klatovy"]
[Date "2022.07.08"]
[Round "7.13"]
[White "Vavrinkova, Jitka"]
[Black "Cyron, Karel"]
[Result "1-0"]
[WhiteElo "1548"]
[BlackElo "1708"]
[PlyCount "81"]
[EventDate "2022.07.02"]
[EventType "swiss"]
[EventRounds "9"]
[EventCountry "CZE"]

1. e4 Nf6 2. e5 Nd5 3. d4 d6 4. f4 dxe5 5. fxe5 Bf5 6. Bd3 Bxd3 7. Qxd3 Nb4 8. Qe4 Qxd4 9. Qe2 Qc5 10. Nc3 N8c6 11. Nf3 O-O-O 12. a3 Nd5 13. Nxd5 Qxd5 14. O-O e6 15. Kh1 Bc5 16. Bg5 Be7 17. Bxe7 Nxe7 18. Ng5 Qd2 19. Qg4 Rd4 20. Qg3 Nf5 21. Rxf5 exf5 22. Nf3 Qf4 23. Nxd4 Qxd4 24. Qxg7 Rd8 25. Re1 Qxb2 26. h3 Qa2 27. Qxh7 Qe6 28. Qh5 Rd5 29. Qh8+ Kd7 30. Qg7 c5 31. Re3 c4 32. h4 Rd4 33. Qh8 f4 34. Rf3 Re4 35. Qb8 Qb6 36. Kh2 Qc7 37. Qxc7+ Kxc7 38. Kh3 b5 39. Kg4 Kd7 40. Rxf4 Rxe5 41. Rxf7+ 1-0

[Event "28. Klatovy B 2022"]
[Site "Klatovy"]
[Date "2022.07.08"]
[Round "7.14"]
[White "Levinsky, Ladislav"]
[Black "Vana, Jan 2010"]
[Result "0-1"]
[WhiteElo "1498"]
[BlackElo "1708"]
[PlyCount "44"]
[EventDate "2022.07.02"]
[EventType "swiss"]
[EventRounds "9"]
[EventCountry "CZE"]

1. Nf3 d5 2. d4 Nf6 3. Bf4 c5 4. c3 Nc6 5. e3 Qb6 6. Qb3 c4 7. Qxb6 axb6 8. Nbd2 Bf5 9. Be2 h6 10. h3 e6 11. Nh4 Bh7 12. Bh2 Be7 13. Nhf3 O-O 14. O-O b5 15. b3 Ba3 16. bxc4 bxc4 17. Bxc4 dxc4 18. Nxc4 Bd3 19. Nxa3 Bxf1 20. Kxf1 Rxa3 21. Bd6 Rxc3 22. Bxf8 Kxf8 0-1